000 01170nam a22001817a 4500
999 _c64053
_d64053
003 Ge_BSU
005 20260316172246.0
008 260316s1974 ge ||||| |||| 00| 0 geo d
041 _ageo
080 _a330.341.424(479.22) კ-80
100 _aკოჭლავაშვილი, ა.
_926782
245 _aინდუსტრიალიზაციის ლენინური გეგმის განხორციელება საქართველოში /
_cა. კოჭლავაშვილი; ივ. ჯავახიშვილის სახ. ისტორიის, არქეოლოგიისა და ეთნოგრაფიის ინ-ტი.
264 _aთბილისი :
_bმეცნიერება,
_c1974.
300 _a41 გვ. ;
_b21 სმ.
653 _aინდუსტრიალიზაცია საქართველოში
710 _aივ. ჯავახიშვილის სახ. ისტორიის, არქეოლოგიისა და ეთნოგრაფიის ინსტიტუტი.
_927147
942 _2udc
_cᲬᲘᲒᲜᲘ